| 000 | 00716nam a22002297a 4500 | ||
|---|---|---|---|
| 003 | OSt | ||
| 005 | 20220107122719.0 | ||
| 008 | 130812b xxu||||| |||| 00| 0 eng d | ||
| 020 | _a9781627031066 | ||
| 040 | _cIIITM-K | ||
| 082 | _a570.285 MAM/D | ||
| 245 |
_aData mining for systems biology: _bMethods and protocols _cedited by Hiroshi Mamitsuka, Charles DeLisi, Minoru Kanehisa |
||
| 260 |
_aNew York, _bHumana Press, _c2013. |
||
| 300 | _axii, 279p. | ||
| 440 |
_aMethods in molecular biology _n939 _91412 |
||
| 650 |
_aSYSTEMS BIOLOGY _91413 |
||
| 650 |
_aDATA INSIGHTS _91414 |
||
| 700 |
_aMamitsuka, Hiroshi _91415 |
||
| 700 |
_aDeLisi, Charles _91416 |
||
| 700 |
_aKanehisa, Minoru _91417 |
||
| 942 |
_2ddc _cBK |
||
| 999 |
_c3157 _d3157 |
||